000 00549nmm a2200181Ia 4500
008 251105s9999||||xx |||||||||||||||||und||
041 _aspa
100 _avon Horváth, Ödön
245 0 _aUn hijo de nuestro tiempo
264 _a[Madrid, España] :
_bNordica Libros,
_c[Fecha de publicación no identificada]
300 _a0 páginas
490 _aOtras Latitudes
650 _aOther narratives
700 _avon Horváth, Ödön
700 1 _a Hernández, Isabel
856 _uhttps://public.digitaliapublishing.com/a/99043
942 _cCF
999 _c72482
_d72482